000 00579nam a22001817a 4500
005 20251108170810.0
008 250721s1981 xx 000 0 ara d
082 1 4 _a218.51/فاي
100 1 _aفايد، محمود عبد الوهاب
245 1 0 _aالتربية في كتاب الله /
264 1 _aتونس :
_bدار بو سلامة للطباعة و النشر و التوزيع،
_c1981.
300 _a79ص
650 1 7 _aالإسلام
650 1 7 _aالعقيدة الدينية
650 1 7 _aالوعظ و الإرشاد
942 _2ddc
_cBK
999 _c49246
_d49246